The concept of race in South Asia (Record no. 16356)

000 -LEADER
fixed length control field 00466nam a22001577a 4500
003 - CONTROL NUMBER IDENTIFIER
control field OSt
005 - DATE AND TIME OF LATEST TRANSACTION
control field 20170105102938.0
020 ## - INTERNATIONAL STANDARD BOOK NUMBER
International Standard Book Number 9780195642681
040 ## - CATALOGING SOURCE
Original cataloging agency 0
082 ## - DEWEY DECIMAL CLASSIFICATION NUMBER
Classification number 305.800954
Author Mark CON 1997
245 04 - TITLE STATEMENT
Title The concept of race in South Asia
Statement of responsibility, etc. Peter Robb
260 ## - PUBLICATION, DISTRIBUTION, ETC.
Place of publication, distribution, etc. Delhi ; Oxford
Name of publisher, distributor, etc. Oxford University Press
Date of publication, distribution, etc. 1997
300 ## - PHYSICAL DESCRIPTION
Extent ix, 354 p;
Dimensions 22 cm.
650 ## - SUBJECT ADDED ENTRY--TOPICAL TERM
Topical term or geographic name entry element Ethnology -- South Asia. Ethnic groups -- South Asia. Minorities -- South Asia.
942 ## - ADDED ENTRY ELEMENTS (KOHA)
Source of classification or shelving scheme
Koha item type Book
Holdings
Withdrawn status Lost status Damaged status Not for loan Collection code Permanent Location Current Location Shelving location Date acquired Total Checkouts Full call number Barcode Date last seen Price effective from Koha item type
          Centre for International Peace & Stability (CIPS) Centre for International Peace & Stability (CIPS) General Stacks 03/30/2016   305.800954 CON 1997 CIPSD0000423 03/30/2016 03/30/2016 Book
© 2023 Central Library, National University of Sciences and Technology. All Rights Reserved.